|
|
|
|
| LEADER |
01175nam a2200301 a 4500 |
| 001 |
29570 |
| 003 |
BD-DhAAL |
| 005 |
20150808124554.0 |
| 008 |
150808s2004 maua b 001 0 eng |
| 010 |
|
|
|a 2002043111
|
| 020 |
|
|
|a 0072558849 (softcover : alk. paper)
|
| 040 |
|
|
|a DLC
|c DLC
|d DLC
|d BD-DhAAL
|
| 050 |
0 |
0 |
|a LC191.4
|b .S684 2004
|
| 082 |
0 |
0 |
|a 370/.973
|2 21
|
| 100 |
1 |
|
|a Spring, Joel H.
|9 10439
|
| 245 |
1 |
0 |
|a American education /
|c Joel Spring.
|
| 250 |
|
|
|a 11th ed.
|
| 260 |
|
|
|a Boston :
|b McGraw-Hill,
|c c2004.
|
| 300 |
|
|
|a xiv, 312, I-10 p. :
|b ill. ;
|c 24 cm.
|
| 504 |
|
|
|a Includes bibliographical references and index.
|
| 541 |
|
|
|e 29570
|
| 650 |
|
0 |
|a Education
|x Social aspects
|z United States.
|9 10440
|
| 650 |
|
0 |
|a Education
|x Political aspects
|z United States.
|9 10441
|
| 650 |
|
0 |
|a Educational equalization
|z United States.
|9 10442
|
| 650 |
|
0 |
|a Education and state
|z United States.
|9 10443
|
| 942 |
|
|
|2 ddc
|c BK
|
| 999 |
|
|
|c 35166
|d 35166
|
| 952 |
|
|
|0 0
|1 0
|2 ddc
|4 0
|6 370_973000000000000_SPR
|7 0
|9 55134
|a BRACUL
|b BRACUL
|c GEN
|d 2015-08-08
|e BRAC Institute of Language (BIL)
|l 0
|o 370.973 SPR
|p 3010029570
|r 2015-08-08
|t 1
|w 2015-08-08
|y BK
|x Transferred from BIL to BRACUL on 06/06/22
|